00805nam a2200217 a 450000100100000000500170001000800410002702000150006804000250008308200160010810000290012424500760015326000500022930000360027949000160031550000760033159000260040783000230043395201140045699900170057000004254120201002040225.0131211s1984 ag a 000 0 spa d z950002184X aDO-SdBNPbspacBNPHU axxxxbL144M1 aMéndez, Eugenio96977910aAlte. Lacoste :b¿Quién mato al General. Actis? /cEugenio Méndez. aCórdoba, Argentina :bEl Cid Editor,c1984. a126 p. :bil., retrs. ;c18 cm.1 aSin censura aIncluye datos biográficos del autor en la solapa de la contracubierta aInventariado, 2019/VM 0aSin censura969780 001050718MOaGRbGRcHDd2013-12-11iLF1l0oxxxx L144Mp42541-10r2020-06-25w2020-06-25y1ZNo se presta c42030d42030